书目信息 |
| 题名: |
胸部疑难病例影像诊断
|
|
| 作者: | 曾庆思 , 赵振军 主编 | |
| 分册: | ||
| 出版信息: | 北京 人民卫生出版社 2018 |
|
| 页数: | 12,404页 | |
| 开本: | 29cm | |
| 丛书名: | 疑难影像诊断丛书 | |
| 单 册: | ||
| 中图分类: | R560.4 | |
| 科图分类: | ||
| 主题词: | 胸腔疾病--影象诊断 | |
| 电子资源: | ||
| ISBN: | 978-7-117-25751-0 | |
| 000 | 01210oam2 2200277 450 | |
| 001 | 0035840693 | |
| 005 | 20180813190218.0 | |
| 010 | @a978-7-117-25751-0@b精装@dCNY220.00 | |
| 100 | @a20180713d2018 em y0chiy50 ea | |
| 101 | 0 | @achi |
| 102 | @aCN@b110000 | |
| 105 | @aa z 000yy | |
| 106 | @ar | |
| 200 | 1 | @a胸部疑难病例影像诊断@9xiong bu yi nan bing li ying xiang zhen duan@f曾庆思,赵振军主编@g |
| 210 | @a北京@c人民卫生出版社@d2018 | |
| 215 | @a12,404页@c图@d29cm | |
| 225 | 2 | @a疑难影像诊断丛书 |
| 330 | @a本书分9章95节,收集169个病例,进行细致分析;加上相应的鉴别诊断病例,全书超过350个病例,1672幅图。由于肺部是含气脏器,应用CT薄层图像就能很好地显示病变,因此本书图像以CT图像为主,主要是收集发生在肺实质、肺问质、肺血管、气管支气管、胸膜及纵隔的各种病例;对这些病例从临床病史、影像表现、病理表现及鉴别诊断等方面进行论述,着重介绍编者对疾病的影像诊断的分析思路,通过鉴别诊断病例,扩大对类似征象的疾病的认识。 | |
| 461 | 0 | @12001 @a疑难影像诊断丛书 |
| 606 | 0 | @a胸腔疾病@x影象诊断 |
| 690 | @aR560.4@v5 | |
| 701 | 0 | @a曾庆思@9zeng qing si@4主编 |
| 701 | 0 | @a赵振军@9zhao zhen jun@f(1962-)@4主编 |
| 801 | 0 | @aCN@bMUSE@c20181206@g |
| 905 | @aBZT@dR560.4@e3 | |
| 906 | @dCNY220.00@n3@r1 | |
| 胸部疑难病例影像诊断/曾庆思,赵振军主编.-北京:人民卫生出版社,2018 |
| 12,404页:图;29cm.-(疑难影像诊断丛书) |
| ISBN 978-7-117-25751-0(精装):CNY220.00 |
| 本书分9章95节,收集169个病例,进行细致分析;加上相应的鉴别诊断病例,全书超过350个病例,1672幅图。由于肺部是含气脏器,应用CT薄层图像就能很好地显示病变,因此本书图像以CT图像为主,主要是收集发生在肺实质、肺问质、肺血管、气管支气管、胸膜及纵隔的各种病例;对这些病例从临床病史、影像表现、病理表现及鉴别诊断等方面进行论述,着重介绍编者对疾病的影像诊断的分析思路,通过鉴别诊断病例,扩大对类似征象的疾病的认识。 |
| ● |
| 相关链接 |
|
|
|
正题名:胸部疑难病例影像诊断
索取号:R560.4/3
 
预约/预借
| 序号 | 登录号 | 条形码 | 馆藏地/架位号 | 状态 | 备注 |
| 1 | 855049 | 2000855049 | 第二书库/ [索取号:R560.4/3] | 在馆 | |
| 2 | 855050 | 2000855050 | 第二书库/ [索取号:R560.4/3] | 在馆 | |
| 3 | 855051 | 2000855051 | 第二书库/ [索取号:R560.4/3] | 在馆 |